000 01150nam a22003617a 4500
001 BR9803427
003 BR-BrBNA
005 20230928095944.0
007 ta
008 230509b bl.||||| |||| 00| 0 por d
040 _aBR-BrBNA
_bpor
_cBiblioteca Nacional de Agricultura
041 _a(Por)
072 _aP06; Q70
_b8961
_b9320
_b0230
090 _ 8961 BR9803427
110 1 _aSindicato da Industria de Fabricacao do Alcool no Estado da Paraiba, Joao Pessoa (Brasil)
_99492
110 1 _aAssociacao dos Fornecedores de Cana do Estado da Paraiba, Joao Pessoa (Brasil)
110 1 _aDelegacia Federal de Agricultura na Paraiba, Joao Pessoa (Brasil)
_93094
245 1 _aManual sucroalcooleiro do Estado da Paraiba
260 3 _aJoao Pessoa, PB (Brasil):
_c1997.
300 _a274 p.
500 _a105 illus.; 48 tables; 15 ref.
650 _aCana de Acucar
650 _aCanavial
650 _aAlcool
650 _aDestilaria
650 _aAcucar
650 _aUsina Acucareira
650 _aIndustria Agricola
650 _aTecnologia Agricola
650 _aParaiba
909 _a202309
_bLucia
_c55
_dLucia Elande
942 _cBK
999 _c59597
_d59597